000 00686nam a22002297a 4500
005 20250226095557.0
008 221115b |||||||| |||| 00| 0 eng d
017 _a2022-6094
018 _a2022
020 _a9789789952564
040 _aNLN
_bEnglish
_eAACR2
050 _aDT515.83
_b.A228
082 _a923
_b.8669
100 _aADEDEJI, Modupeola
_919698
245 _aMy story :
_bhis glory /
_cModupeola Adedeji
260 _aIbadan, Oyo state (No36, Gbadebo Street Mokola) :
_bTudis Books,
_c2021
300 _axiii, 95p. :
_bcol. ports. ; 20cm.
563 _a(pbk)
650 _aAdedeji, Modupeola
_919699
650 _aAccountant
_vNigeria
_xBiography
_919700
942 _cBK
_n0
999 _c9999
_d9999